Terrier (Record no. 14050)

MARC details
010 ## - Numéro international normalisé du livre (ISBN)
ISBN 9782847053258
099 ## - Visibilité opac
notice masquée en opac Non
100 ## - Données générales de traitement
Données générales de traitement 20260326d u||y0frey50 ba
200 ## - Titre et mention de responsabilité
Titre propre Terrier
Indication générale du type de document Livre
323 ## - Nombre de personnages
Texte de la note 3 personnages
330 ## - Résumé ou extrait
Texte de la note Trois animaux, un blaireau, une chouette effraie et une musaraigne aquatique se réfugient dans un terrier. Plongés dans l’obscurité, ils se sentent, ils se devinent, ils s’entendent. Jusqu’à ce que le monde d’en haut les oblige à cohabiter. Fable résolument écologique, /T(e)r:::r/ie:::r est une histoire qui bruisse, zieute, fourrage, sniffe, chuinte, et propose, à travers une partition poétique ludique, sonore et imagée, de raconter des vies animales qui se respirent si proches de nous…
610 ## - Mot-clé
Mot-clé Vivant
-- nature
-- écologie
700 ## - Auteur principal
Nom Soublin
Prénom Gwendoline
000 -Etiquette de la notice
Leader 00863nam a2200157 4500
005 - Identifiant de la version
Identifiant 20260326112737.0
Holdings
Exclu du prêt Date de création Site actuel Code barre Date prix de remplacement Cote Statut Site de rattachement Type de document Koha
  26.03.2026 Théâtre Joliette JOL-007750 26.03.2026 TH JP SOU 3   Théâtre Joliette Livre